<?xml version="1.0" encoding="UTF-8"?>
<record
    xmlns:xsi="http://www.w3.org/2001/XMLSchema-instance"
    xsi:schemaLocation="http://www.loc.gov/MARC21/slim http://www.loc.gov/standards/marcxml/schema/MARC21slim.xsd"
    xmlns="http://www.loc.gov/MARC21/slim">

  <leader>00977nam0a22002651  4500</leader>
  <controlfield tag="001">v19\rc\1720403</controlfield>
  <controlfield tag="005">20250619054244.0</controlfield>
  <datafield tag="035" ind1=" " ind2=" ">
    <subfield code="a">(NLR Aleph) 004843963</subfield>
  </datafield>
  <datafield tag="090" ind1=" " ind2=" ">
    <subfield code="a">4851761</subfield>
    <subfield code="c">4851761</subfield>
  </datafield>
  <datafield tag="100" ind1=" " ind2=" ">
    <subfield code="a">20061002d1901    |||y0rusy50      ca</subfield>
  </datafield>
  <datafield tag="101" ind1="1" ind2=" ">
    <subfield code="a">rus</subfield>
    <subfield code="c">ger</subfield>
  </datafield>
  <datafield tag="102" ind1=" " ind2=" ">
    <subfield code="a">RU</subfield>
  </datafield>
  <datafield tag="105" ind1=" " ind2=" ">
    <subfield code="a">y   z   |||c|</subfield>
  </datafield>
  <datafield tag="200" ind1="1" ind2=" ">
    <subfield code="a">&#x413;&#x440;&#x430;&#x444;&#x438;&#x43D;&#x44F; &#x41A;&#x44D;&#x442;</subfield>
    <subfield code="e">&#x42E;&#x43C;&#x43E;&#x440;&#x438;&#x441;&#x442;. &#x43E;&#x447;&#x435;&#x440;&#x43A;&#x438;</subfield>
    <subfield code="e">&#x421; &#x43D;&#x435;&#x43C;.</subfield>
    <subfield code="f">&#x410;&#x434;&#x43B;&#x435;&#x440;&#x441;&#x444;&#x435;&#x43B;&#x44C;&#x434;-&#x411;&#x430;&#x43B;&#x43B;&#x435;&#x440;&#x441;&#x442;&#x440;&#x435;&#x43C;[!]</subfield>
  </datafield>
  <datafield tag="210" ind1=" " ind2=" ">
    <subfield code="a">[&#x41C;&#x43E;&#x441;&#x43A;&#x432;&#x430;]</subfield>
    <subfield code="c">&#x436;&#x443;&#x440;&#x43D;. "&#x420;&#x443;&#x441;&#x441;&#x43A;&#x438;&#x439; &#x432;&#x435;&#x441;&#x442;&#x43D;&#x438;&#x43A;"</subfield>
    <subfield code="d">1901</subfield>
  </datafield>
  <datafield tag="215" ind1=" " ind2=" ">
    <subfield code="a">176 &#x441;.</subfield>
    <subfield code="d">24</subfield>
  </datafield>
  <datafield tag="700" ind1=" " ind2="1">
    <subfield code="a">&#x410;&#x434;&#x43B;&#x435;&#x440;&#x441;&#x444;&#x435;&#x43B;&#x44C;&#x434;-&#x411;&#x430;&#x43B;&#x43B;&#x435;&#x441;&#x442;&#x440;&#x435;&#x43C;</subfield>
    <subfield code="b">&#x415;.</subfield>
    <subfield code="f">1854-</subfield>
    <subfield code="g">&#x415;&#x432;&#x444;&#x438;&#x43C;&#x438;&#x44F;</subfield>
  </datafield>
  <datafield tag="790" ind1=" " ind2="1">
    <subfield code="a">&#x411;&#x430;&#x43B;&#x43B;&#x435;&#x441;&#x442;&#x440;&#x435;&#x43C;</subfield>
    <subfield code="b">&#x415;.</subfield>
    <subfield code="f">1854-</subfield>
    <subfield code="g">&#x415;&#x432;&#x444;&#x438;&#x43C;&#x438;&#x44F;</subfield>
  </datafield>
  <datafield tag="790" ind1=" " ind2="1">
    <subfield code="a">&#x410;&#x434;&#x43B;&#x435;&#x440;&#x441;&#x444;&#x435;&#x43B;&#x44C;&#x434;-&#x411;&#x430;&#x43B;&#x43B;&#x435;&#x440;&#x441;&#x442;&#x440;&#x435;&#x43C;[!]</subfield>
    <subfield code="b">&#x415;.</subfield>
    <subfield code="f">1854-</subfield>
    <subfield code="g">&#x415;&#x432;&#x444;&#x438;&#x43C;&#x438;&#x44F;</subfield>
  </datafield>
  <datafield tag="790" ind1=" " ind2="1">
    <subfield code="a">&#x411;&#x430;&#x43B;&#x43B;&#x435;&#x440;&#x441;&#x442;&#x440;&#x435;&#x43C;[!]</subfield>
    <subfield code="b">&#x415;.</subfield>
    <subfield code="f">1854-</subfield>
    <subfield code="g">&#x415;&#x432;&#x444;&#x438;&#x43C;&#x438;&#x44F;</subfield>
  </datafield>
  <datafield tag="801" ind1=" " ind2="0">
    <subfield code="a">RU</subfield>
    <subfield code="b">NLR</subfield>
    <subfield code="g">psbo</subfield>
  </datafield>
  <datafield tag="801" ind1=" " ind2="1">
    <subfield code="a">RU</subfield>
    <subfield code="b">ProSoft-M</subfield>
    <subfield code="2">rusmarc</subfield>
  </datafield>
  <datafield tag="852" ind1=" " ind2=" ">
    <subfield code="a">NLR</subfield>
    <subfield code="j">34.5.1.97</subfield>
  </datafield>
  <datafield tag="942" ind1=" " ind2=" ">
    <subfield code="c">BOOK</subfield>
  </datafield>
  <datafield tag="980" ind1=" " ind2=" ">
    <subfield code="a">NB</subfield>
  </datafield>
  <datafield tag="995" ind1=" " ind2=" ">
    <subfield code="5">2013-10-26</subfield>
    <subfield code="b">NLR02</subfield>
    <subfield code="c">NLR02</subfield>
    <subfield code="e">RFS</subfield>
    <subfield code="f">4843963-10</subfield>
    <subfield code="k">34.5.1.97</subfield>
    <subfield code="o">0</subfield>
    <subfield code="r">BOOK</subfield>
    <subfield code="s">345197_</subfield>
  </datafield>
</record>
